000 00388nam a2200133Ia 4500
008 170516s9999 xx 000 0 und d
245 _aSolitary fibrous tumor of the post-styloid parapharyngeal space
260 _bActa Radiologica Open
260 _c2014
300 _a3:6
650 _xRadiologic Technology
650 _xRadtech
856 _uhttp://journals.sagepub.com/toc/arra/3/6
999 _c332829
_d332829